000 00548nam a22001697a 4500
003 DO-SdBNP
005 20171128113711.0
008 171128b sp1981u||||| |||| 00| 0 spa d
040 _aBMPSU
_bspa
_cBMPSU
245 0 0 _aLluvia /
_ccompiladores Peter Usborne, Su Swallow ; ilustrados por Gordon Davies
260 _aBarcelona:
_bMolino
_c1981
300 _a24p.
_bil. ;
_c21 cm.
490 1 _aBiblioteca Educativa Infantil Molino ;
_v1
830 0 _aBiblioteca Educativa Infantil Molino ;
_v1
942 _2ddc
_cBK
945 _aInventariado, 2017/MFF
999 _c13163
_d13163